Ingredients in a BIG MAC sudden death - Statistics

General Stats
  • This quiz has been taken 85 times
  • The average score is 4 of 7
Answers on the Grid
Answers color-coded by a green-red scale on the quiz's grid according to % correct below.
2x beef patty
onion
chopped tomato
salsa
cheese slice
tomato ketchup
shredded lettuce
pickles
lettuce leaf
pickled onions
sesame seed bun
BBQ sauce
brioche bun
Big mac sauce
slugs
1 x beef patty
 
Answer Stats
Answer % Correct
2x beef patty
84%
onion
70%
cheese slice
60%
Big mac sauce
51%
pickles
49%
shredded lettuce
49%
sesame seed bun
42%
No matching quizzes found
Score Distribution
Percent of People with Each Score
Percentile by Number Answered
Your Score History
You have not taken this quiz